[Event "Bled ol (Men)"]
[Site "Bled"]
[Date "2002.11.10"]
[Round "14.4"]
[White "Van den Doel, Erik"]
[Black "Psakhis, Lev"]
[Result "0-1"]
[WhiteElo "2594"]
[BlackElo "2588"]
[Annotator "Psakhis,L"]
[PlyCount "66"]
[EventDate "2002.10.26"]
[Source "ChessBase"]
[SourceDate "2003.02.06"]

1. e4 e6 2. d4 d5 3. Nc3 Bb4 4. e5 Ne7 5. a3 Bxc3+ 6. bxc3 c5 7. Qg4 O-O 8. Bd3
Nbc6 9. Qh5 Ng6 10. Nf3 Qc7 11. Be3 c4 12. Bxg6 fxg6 13. Qg4 Qf7 14. Ng5 Qe8
15. h4 h6 16. Nh3 16... b5 17. Qe2 $146 (17. Nf4 Ne7 18. Kd2 (18. Rh3 Rf5 19.
Qe2 a5 20. g4 Rf7 21. Qd2 Bd7 22. h5 g5 23. Ng2 b4 24. axb4 axb4 25. Rxa8 Qxa8
26. cxb4 Qa1+ 27. Qc1 Qc3+ 28. Qd2 Qa1+ 29. Qc1 Qc3+ 30. Qd2 30... Qa1+ {
-  Davila,M-Halldorsson,J/corr 1998 (30)}) 18... a5 19. Qh3 Bd7 20. Rab1 Qf7
21. f3 Rab8 22. Ne2 Nc6 23. Rb2 b4 24. axb4 axb4 25. cxb4 c3+ 26. Nxc3 Na5 27.
Ke2 Nc4 28. Rb3 Nxe3 29. Kxe3 Qf4+ 30. Kd3 Rfc8 31. Qg4 Rxc3+ 32. Kxc3 32...
Rc8+ {Anand,V-Jussupow,A/Bastia Corsica Masters 2002/  -  (53)}) (17. h5 gxh5
18. Qe2 Bd7 19. Nf4 Rxf4 20. Bxf4 Qf7 21. Be3 Be8 22. g4 hxg4 23. Qxg4 Qg6 24.
Qe2 Qf5 25. O-O-O Bg6 26. Rdg1 26... Ne7 {
-  L'Ami,E-Dgebuadze,A/Dieren op 2002 (49)}) 17... Bd7 (17... a5 18. g4 Rb8 19.
h5 gxh5) 18. g4 (18. h5 gxh5 19. Nf4 Rxf4 20. Bxf4 Qf7 21. Be3 21... Be8 $44)
18... a5 (18... Qd8 19. h5 g5) 19. h5 $5 (19. Nf4 $5) 19... gxh5 (19... g5 20.
f4 gxf4 21. Nxf4 $36) 20. g5 (20. gxh5 20... Rf5 $13) 20... hxg5 21. Nxg5 g6 (
21... Qg6 22. Rxh5) 22. Kd2 (22. O-O-O b4) (22. Rg1 $5 22... Ne7 (22... Rf5 23.
Nf3 $1) 23. Nh3 Rf5 24. Bg5 $36) 22... b4 23. Rag1 bxc3+ 24. Kd1 24... Rf5 $1 (
24... Qb8 $6 25. Nxe6 Qb1+ 26. Bc1 Kf7 27. Rxg6 $1 27... Bxe6 28. Qxh5 Ke7 29.
Rxe6+ $18) (24... Rb8 $6 25. Ne4 $1 (25. Rxh5 $2 25... Rb1+ 26. Bc1 Rxc1+ 27.
Kxc1 Qb8 28. Qe3 Qb2+ 29. Kd1 Qb1+ 30. Ke2 Qxc2+ 31. Ke1 Qd2+ 32. Qxd2 cxd2+
33. Kxd2 gxh5 34. Nxe6+ Kf7 35. Nxf8 Kxf8 36. Kc3 36... Na7 $19) 25... Kh7 26.
Qg4 Rb1+ 27. Bc1 dxe4 28. Rxh5+ Kg8 29. Rgh1 $18) 25. Rxh5 (25. Ne4 $6 25...
dxe4 26. Rxh5 Rb8 27. Rh6 Rb1+ 28. Bc1 Ne7 29. Rgh1 Kf8 30. Rh8+ Ng8 31. Qe3
31... g5 $19) 25... gxh5 26. Ne4+ 26... Kh8 $1 $138 (26... Kh7 $2 27. Nd6 Nxd4
28. Bxd4 Qb8 29. Be3 29... Rxe5 $140 30. Qf3 Qf8 31. Qg3 Qf6 32. Bd4 Rb8 33.
Bxe5 Rb1+ 34. Ke2 Rxg1 35. Bxf6 Rxg3 36. fxg3 $18) 27. Nd6 27... Qg8 $2 $138 (
27... Nxd4 $5 28. Bxd4 Qb8 29. Be3 Qb1+ 30. Bc1 Rg8 31. Rh1 31... Rgg5 $8) (
27... Rb8 $1 28. Nxe8 (28. Kc1 28... Nxd4 $1 29. Bxd4 29... Rb1+ $19) (28. Nxf5
exf5 29. Qf3 29... Nxd4 $5 30. Qf4 Rb1+ 31. Bc1 Rxc1+ 32. Qxc1 32... Kh7 $19)
28... Nxd4 29. Qe1 Nf3 30. Qf1 30... Bxe8 $19) 28. Bg5 $2 $138 (28. Rxg8+ Rxg8
29. Qf1 Rff8 (29... Ne7 30. Qh1 Be8 31. Ke2) 30. Qh1 Rg6 31. Qxh5+ Kg7 32. Bg5
$36) 28... Rb8 $1 $18 29. Qxh5+ (29. Kc1 29... Rxg5 $5 (29... Rb1+ 30. Kxb1
Qb8+ 31. Kc1 Qb2+ 32. Kd1 Qb1+ 33. Bc1 Nxd4 34. Nf7+ 34... Kh7 $19) 30. Nf7+
Qxf7 31. Rxg5 31... Qf4+ $19) (29. Bf6+ Kh7) 29... Qh7 30. Qg4 Rxg5 (30... Rb1+
31. Bc1 31... Rxf2 $19) 31. Nf7+ (31. Qxg5 Rb1+ 32. Ke2 Qxc2+ 33. Kf3 Nxd4+ 34.
Kg2 Rxg1+ 35. Kxg1 Nf3+) 31... Qxf7 32. Rh1+ Kg7 33. Qxg5+ Qg6 0-1

[Event "Groningen Harmonie+"]
[Site "Groningen"]
[Date "2002.12.24"]
[Round "4"]
[White "Stellwagen, Daniel"]
[Black "Dgebuadze, Alexandre"]
[Result "1/2-1/2"]
[WhiteElo "2426"]
[BlackElo "2537"]
[Annotator "Psakhis,L"]
[PlyCount "71"]
[EventDate "2002.12.21"]
[Source "ChessBase"]
[SourceDate "2003.04.01"]

1. e4 e6 2. d4 d5 3. Nc3 Bb4 4. e5 Ne7 5. a3 Bxc3+ 6. bxc3 c5 7. Qg4 O-O 8. Bd3
Nbc6 9. Qh5 Ng6 10. Nf3 Qc7 11. Be3 11... c4 ({Sometimes Black tried also} 
11... Nce7 {with possible continuation} 12. h4 $5 12... Bd7 13. Qg4 f5 14. Qh3
f4 15. Bd2 Nf5 16. O-O c4 17. Be2 Ba4 18. Ra2 {
1-0 Nataf,I-Pelletier,Y/Cap d'Agde Gp B 2002/ (85)}) 12. Bxg6 fxg6 13. Qg4 Qf7
14. Ng5 Qe8 15. h4 h6 16. Nh3 Ne7 ({Very similiar direction took also game Van
den Doel,E-Psakhis,L/Bled ol 2002/CBM 92 (33) -} 16... b5 17. Qe2 $5 (17. Nf4
Ne7 18. Kd2 a5 19. Qh3 Bd7 20. Rab1 Qf7 21. f3 21... Rab8 $13 {
-  Anand,V-Jussupow,A/Corsica Masters 2002/CBM 92 (53)}) 17... Bd7 18. g4 a5
19. h5 gxh5 20. g5 $1 20... hxg5 21. Nxg5 g6 22. Kd2 b4 23. Rag1 bxc3+ 24. Kd1
Rf5 25. Rxh5 gxh5 26. Ne4+ 26... Kh8 $132 {
0-1 Van den Doel,E-Psakhis,L/Bled ol 2002/CBM 92 (33)}) 17. Qe2 17... a5 $146 (
{Improvment compare to} 17... Bd7 18. g4 b5 19. h5 a5 20. g5 $1 20... Rf5 21.
gxh6 Rxh5 22. Kd2 gxh6 23. Rag1 $36 {
with strong attack Lutz,C-Jussupow,A /Essen-A 
2002 /CBM 90/[Psakhis] (41)})
18. g4 b5 19. h5 gxh5 ({Too dangerous for Black continue} 19... g5 20. f4 $1
20... gxf4 21. Nxf4 Bd7 22. Rg1) 20. g5 $5 {Typical move} (20. gxh5 $13 {
also worth considering}) 20... hxg5 $8 21. Nxg5 21... g6 22. Kd2 $6 ({
I would prefer} 22. Nh3 $1 22... Nf5 23. Bg5 {
with great compensation for the pawn}) 22... Rf5 (22... Nf5 $5) 23. Rag1 b4 24.
Rxh5 $5 {Looks great for White, but his opponent has good defense.} (24. axb4
axb4 25. cxb4 c3+ 26. Kxc3 26... Ra2 $40) 24... bxc3+ 25. Kd1 25... gxh5 $8 {
Only move} 26. Ne4+ $1 {Just look already mentioned game Van den Doel,
E-Psakhis,L/Bled ol 2002 and you will agree that I have all rights to suspect
guys in plagiarizm!} (26. Nxe6+ Kf7 27. Nc7 Qc6 28. Nxa8 Qxa8 29. Bg5 29... Qc6
$19 {lose without big fight}) 26... Kh7 $8 (26... Kh8 27. Nd6 Qf8 28. Bg5 $18)
27. Nd6 Qf8 28. Nxf5 ({In the case of} 28. Rh1 28... Rb8 $1 29. Nxf5 Rb1+ 30.
Bc1 30... Rxc1+ $1 31. Kxc1 Nxf5 32. Rxh5+ 32... Nh6 $17 {
Black is very close tp victory}) 28... Qxf5 29. Rg5 29... Qf7 $8 30. Rxh5+
30... Kg8 {Black managed to keep material advantage, bur white's attack is
still strong and helps them to mantain balance.} 31. Qg4+ Ng6 (31... Qg6 32.
Rg5) 32. Rh6 Kg7 33. Qh5 $1 33... Nf8 (33... Qf5 $2 34. Bg5 $1 $18) 34. Qg4+ {
Instead of instant draw White could try} (34. Qh2 $5 {for example} 34... Qf3+
35. Kc1 Qe2 36. Qg1+ Kf7 37. Rf6+ Ke8 38. Bh6 Rb8 39. Rxf8+ 39... Kd7 $132)
34... Ng6 35. Qh5 Nf8 36. Qg4+ 1/2-1/2

[Event "Bermuda-B"]
[Site "Bermuda"]
[Date "2003.02.02"]
[Round "8"]
[White "Nakamura, Hikaru"]
[Black "Berg, Emanuel"]
[Result "1-0"]
[WhiteElo "2520"]
[BlackElo "2527"]
[Annotator "Psakhis,L"]
[PlyCount "75"]
[EventDate "2003.01.25"]
[Source "ChessBase"]
[SourceDate "2003.05.26"]

1. e4 e6 2. d4 d5 3. Nc3 Bb4 4. e5 c5 5. a3 Bxc3+ 6. bxc3 Qc7 7. Qg4 f5 8. Qg3
8... Ne7 $5 {Old? but not so bad move , nowadays cautious} (8... cxd4 9. cxd4
9... Ne7 {is more popular, but move in the game has also some advantages.}) 9.
Qxg7 Rg8 10. Qxh7 10... cxd4 11. Kd1 $5 (11. Ne2 Nbc6 12. Qh5+ 12... Kd8 $5 {
aldo leads to very complicated game.}) 11... Bd7 12. Qh5+ 12... Kd8 13. Nf3 ({
White could try to avoid complexities of this line  and steer the game into
more placid channels with  } 13. Ne2 13... dxc3 14. Qf3 Nbc6 15. Qxc3 Nxe5 16.
Qxc7+ Kxc7 17. Nd4 Ng4 18. Ke1 18... e5 $132 {0-1 Ernst,T-Brynell,S/SVE-ch
Haninge 1997 (27) but, Black has nothing to worry about in this endgame.}) (13.
h4 Qxc3 14. Ra2 Nbc6 15. Rh3 Qc5 16. Nf3 d3 17. Bxd3 Qxf2 18. Ne1 18... Qd4 $36
{0-1 Gongora,M-Arencibia,W/CUB-ch Holguin 2002/The Week in Chess 387 (59)})
13... Qxc3 14. Ra2 (14. Rb1 14... Ba4 $40) 14... Nbc6 15. Rb2 Kc7 16. Rb5 $5 {
White's main threat now is to catch black's queen} 16... a6 $5 $146 {
Interesting new idea. Instead of} (16... Rh8 17. Qg5 $1 (17. Qxh8 $5 17... Rxh8
18. Bb2 Qxf3+ 19. gxf3 {1-0 Tal,M-Botvinnik,M/Moscow mg#12 1961/ (41)} 19...
Rh4 $1 $44) 17... Rag8 18. Qxg8 $1 18... Rxg8 19. Bb2 $14 {Berg prepared queen
sacrifice.In return for the queen, Black is getting R+N+P and attacking
chances against white's exposed king}) 17. Bb2 17... axb5 $1 18. Bxc3 18...
dxc3 $44 {
The future of this  variation depends  upon the evaluation of this position.}
19. Bxb5 (19. Qh6 Rxa3 20. Qe3 Ra1+ 21. Ke2 21... b4 $36) 19... Rxa3 20. Ke2
Rxg2 (20... Nxe5 21. Nxe5 Bxb5+ 22. Kf3 $13) 21. Rb1 21... Ra2 22. Kf1 Rg4 23.
Bd3 23... Rb2 $6 (23... Ng6 $36 $142 {and I would prefer black's position.})
24. Rc1 24... Nb4 $6 {
This rather mechanical move is not the most accurate. After} ({
It is not easy to assess positions arising after} 24... Ng6 $5 $132) 25. Qh6 $1
25... Nxd3 $2 ({The lesser evil for Black was} 25... Nec6 $5 26. h3 26... Rg8
$13) 26. cxd3 d4 27. h3 {
I just can't beleive, that Black missed this simple move.} 27... Ng8 (27... Rg6
28. Qf8) (27... Rg8 28. Nxd4) 28. Qf8 $18 28... Rf4 29. Qd6+ (29. Nxd4 $5 29...
Rxd4 (29... Rbxf2+ 30. Kg1 $18) (29... Rfxf2+ 30. Ke1 $18) 30. Qc5+ $18) 29...
Kd8 30. Kg2 $1 (30. Qf8+ Be8 31. Ra1 Ne7 32. Ra8+ Nc8) 30... Ne7 31. Ra1 $6 {
Strange move, after simple} (31. Kg3 Rxf3+ 32. Kxf3 $18 {
Black could just resign.}) 31... Nc8 32. Qf8+ $2 {
Quite bad move, this position requires more active decisions. After} (32. Ra8
32... c2 $140 33. Qf8+ Be8 (33... Kc7 34. Rxc8+ $1) 34. Rxc8+ Kxc8 35. Qxe8+
Kc7 36. Qe7+ $18 {White still could win game without big fight.}) 32... Kc7 33.
Kg3 33... Rxf3+ $8 34. Kxf3 Rd2 35. Ra8 {
White missed a very good oportunity to get a big advantage} (35. Qc5+ $1 $142
35... Bc6+ 36. Kf4 Rxd3 37. Ra8) 35... Rxd3+ 36. Kf4 36... Rxh3 $2 {
Berg forgot about white's  main threat.} ({In the case of correct} 36... b6 $1
37. Qb4 37... Kb7 $132 {black's position will be not bad at all.}) 37. Rxc8+
Bxc8 38. Qd6# 1-0

[Event "Moscow Aeroflot op-A"]
[Site "Moscow"]
[Date "2003.02.12"]
[Round "2"]
[White "Sutovsky, Emil"]
[Black "Goloshchapov, Alexander"]
[Result "1-0"]
[WhiteElo "2651"]
[BlackElo "2523"]
[Annotator "Psakhis,L"]
[PlyCount "73"]
[EventDate "2003.02.10"]
[Source "ChessBase"]
[SourceDate "2003.05.26"]

1. e4 e6 2. d4 d5 3. Nc3 Bb4 4. e5 c5 5. a3 Bxc3+ 6. bxc3 Ne7 7. Qg4 O-O 8. Bd3
8... Qa5 {
Quite fashionable line, could be good alternative to still more popular} (8...
Nbc6 9. Qh5 Ng6 10. Nf3 10... Qc7 $132) 9. Bd2 Nbc6 10. Nf3 f5 11. exf6 11...
Rxf6 12. c4 ({White could play and differently -} 12. Qh5 $5 12... Nf5 $1 13.
g4 13... c4 {leads to big complications, for example} 14. gxf5 cxd3 15. Rg1 Bd7
16. c4 Qc7 17. Bh6 Be8 18. Qh4 Rxh6 19. Qxh6 dxc4 20. cxd3 cxd3 21. f6 21...
Bg6 $1 22. Qxg7+ Qxg7 23. fxg7 Rd8 24. Rg4 Bf5 25. Rf4 25... Ne7 $13 {
-  Shirov,A-Khalifman,A/Dos Hermanas-A 2003/The Week in Chess 438 (44)}) 12...
Qa4 13. Qh5 Nf5 14. cxd5 Ncxd4 ({Weaker is} 14... exd5 15. dxc5 $1) 15. Ng5 h6
16. Ne4 Rf8 17. O-O 17... b6 18. Rae1 $5 $146 {
Interesting novelty from Emil Sutovsky. He avoids popular line} (18. Nc3 Qe8
19. Qxe8 19... Rxe8 {with possible continuation} 20. a4 Bd7 21. dxe6 Bxe6 22.
Nb5 Re7 23. Bc3 Nxb5 24. axb5 Nd6 25. Be5 Nc4 26. Rfe1 26... Rae8 $14 {
-  Sokolov,A-Rustemov,A/BL 0203 2003/The  (34) and sacrifice pawn.In return
for the pawn, White has attacking chances against black's exposed king.}) 18...
exd5 {Goloshchapov has chosen the course of principle!
Othercase he could play
} (18... Nxc2 19. Qd1 19... Nfd4 $132) 19. Ng3 (19. Nc3 19... Qd7 $5 (19... Qc6
20. Nxd5 Qxd5 21. Be4 21... Qf7 $5 22. Qxf7+ Kxf7 23. Bxa8 23... Nxc2 $132) 20.
Nxd5 20... Bb7 $13) 19... c4 $5 (19... Qd7 20. c3 (20. Re5 c4 21. Bxf5 Nxf5 22.
Nxf5 Rxf5 23. Rxf5 Qxf5 24. Qe8+ Kh7) 20... c4 21. Bb1 Nxg3 22. fxg3 $1 $13) (
19... Bd7 20. c3) 20. Bxf5 $8 20... Nxf5 21. Re5 Qxc2 ({Real value of
Sutovsky's idea could be established just after serrious checking of this line
-} 21... Nxg3 $5 22. hxg3 (22. fxg3 Rxf1+ 23. Kxf1 23... c3 $1 $17) 22... Qxc2
23. Bb4 Bf5 24. Re2 Qd3 25. Re3 25... Qd4 $15 {
1-0 Cheparinov,I-Barria,D/Malaga op 2003/The  (31)}) 22. Bb4 Rf6 ({Being fully
aware of what is going to happen, I would recommend the following to Black
next line} 22... Nxg3 $5 23. hxg3 23... Bf5 {
which leads with transposition of the moves to previous comments.}) 23. Qe8+ $1
23... Kh7 24. Re2 24... Qb3 {This position requires better solutions.} ({
Goloshchapov could try} 24... Qd3 $5 {for example} 25. Nh5 (25. Nxf5 25... Bxf5
$1) (25. Rd2 25... Nd6 $1 26. Qe5 26... Qg6 $1) 25... Qd4 $1 26. Nxf6+ Qxf6 27.
Rfe1 27... a5 $132 {with not so bad game.}) 25. Nxf5 Rxf5 26. Re3 $5 (26. Qc6
Rb8 27. Bd6 (27. Qc7 27... Ra8 $11) 27... Rf6 28. Re7 28... Bf5 $132) 26... Qc2
$8 (26... Qa2 27. Rg3 Rg5 28. Rxg5 hxg5 29. Qh5+ Kg8 30. Qxg5 $18) 27. Rg3
27... Rf6 $6 {Saving himself from one threat, Black is under a new one! Risky}
({could be better option, for exmaple.} 27... Rg5 $5 $142 28. Rxg5 hxg5 29. Qc6
(29. Re1 Qg6) 29... Rb8) 28. Bc3 28... Rg6 (28... Qf5 29. Qe7 Rg6 30. Qxg7+ $1
30... Rxg7 31. Rxg7+ Kh8 32. Re1 $18) 29. Bxg7 $1 {Sutovsky removes the only
longstop standing between White's army and Black's king.} 29... Rxg7 ({
There wasn't a rescue in} 29... Kxg7 30. Qe5+ Kh7 31. Qxd5) 30. Re1 $1 30...
Bg4 (30... Be6 $5) 31. Qxa8 31... Qd2 $8 32. Qe8 {Further casualties are
unavoidable because of unstable position of Black's king.} 32... c3 (32... Rg8
$8 33. Qe5 33... Rg5 $16) 33. Rxg4 $1 $18 33... Rxg4 34. Qf7+ Rg7 35. Qf5+ Rg6
36. Re7+ Kh8 37. Qf8+ 1-0

[Event "Dos Hermanas-A"]
[Site "Dos Hermanas"]
[Date "2003.03.30"]
[Round "3"]
[White "Shirov, Alexei"]
[Black "Khalifman, Alexander"]
[Result "1/2-1/2"]
[WhiteElo "2723"]
[BlackElo "2702"]
[Annotator "Psakhis,L"]
[PlyCount "87"]
[EventDate "2003.03.28"]
[Source "ChessBase"]
[SourceDate "2003.07.25"]

1. e4 e6 2. d4 d5 3. Nc3 Bb4 4. e5 c5 5. a3 Bxc3+ 6. bxc3 Ne7 7. Qg4 O-O 8. Bd3
8... Qa5 {
Thanks to efforts of Rustemov, this line become very popular in modern practice
} 9. Bd2 Nbc6 10. Nf3 f5 11. exf6 $5 (11. Qh3 Qa4 12. Rg1 c4 13. Be2 Qxc2 14.
Rc1 Qb2 15. g4 Na5 16. Bd1 Nb3 17. Rc2 Qxa3 18. Bh6 18... Ng6 $132 {
-  Langheinrich,F-Kindermann,S/BL 0102 2002/}) 11... Rxf6 12. Qh5 12... Nf5 13.
g4 (13. c4 $5 13... Qa4 14. cxd5 Ncxd4 15. Ng5 h6 16. Ne4 Rf8 17. O-O b6 18.
Ng3 Ba6 19. Nxf5 exf5 20. Bxa6 20... Qxa6 $13 {
-  Seres,L-Erdos,V/Budapest-4 GM 2003/The Week in Chess 441 (28)}) (13. Ne5 $5)
13... c4 14. gxf5 cxd3 15. Rg1 Bd7 16. c4 16... Qc7 $1 {
It is necessary for Black to show big care -} (16... Qd8 $2 17. Bh6 Rf7 18. Ng5
Qa5+ 19. Kf1 Raf8 20. Nxf7 Rxf7 21. Bxg7 $1 21... Rxg7 22. f6 {
1-0 Timman,J-Van Haastert,E/Amsterdam Lost Boys op 2002}) 17. Bh6 Be8 18. Qh4
Rxh6 19. Qxh6 dxc4 20. cxd3 20... cxd3 21. f6 $5 $146 {Interesting novelty.} ({
White failed to get any advantage after} 21. Rd1 21... Bg6 22. Rxg6 hxg6 23.
Qxg6 Qa5+ 24. Kf1 Qxf5 25. Qxf5 exf5 26. Rxd3 Rd8 27. d5 27... Rd6 {
-  Sax,G-Goloshchapov,A/Montecatini Terme op 1999 (35)}) 21... Bg6 $8 22. Qxg7+
Qxg7 23. fxg7 23... Rd8 {It is not so easy correctly estimate this position,
but it looks that Black can keep equal chances.} 24. Rg4 (24. Rd1 Nxd4 25. Ne5
25... Bf5 $44) 24... Bf5 ({In the case of} 24... Bh5 25. Rg3 Bxf3 26. Rxf3
26... Nxd4 27. Rf8+ $8 27... Rxf8 28. gxf8=Q+ Kxf8 29. Rb1 $14 {
white's chances are better}) 25. Rf4 25... Ne7 (25... Kxg7 $5) 26. Kd2 Ng6 27.
Rxf5 $8 27... exf5 28. Rb1 (28. Kxd3 Kxg7 29. Rb1 29... Nf4+ $11) 28... b6 29.
Rb5 $5 29... Ne7 $1 {Good defense.} ({
I think that Black rightly avoided the line} 29... f4 $2 30. Kxd3 Kxg7 31. h4
$16) 30. Re5 Rd7 31. Kxd3 {Maybe White still has a slight positional advantage,
but Khalifman manages to defend this position with confidence.} 31... Kxg7 32.
h4 (32. Re6 $5) 32... Kf6 33. Ng5 Ng6 34. Re6+ Kg7 35. Kc4 Rc7+ (35... Nxh4 $5
36. d5 $44) 36. Kb5 Nxh4 37. Rxb6 $1 {
Shirov hurries to restore material balance.} (37. d5 $4 37... Rc5+) 37... axb6
38. Ne6+ Kf6 39. Nxc7 39... Nf3 {Strong pawn h allows to Black to keep balance.
} 40. Nd5+ (40. Kxb6 Nxd4 41. a4 Nb3 42. a5 $6 $140 42... Nxa5 43. Kxa5 43...
Ke5 $17) (40. d5 40... h5) 40... Kg5 41. Kxb6 Nxd4 42. Kc5 (42. a4 Nb3) 42...
Ne6+ 43. Kd6 43... Nd4 $1 44. Kc5 1/2-1/2

[Event "Middelfart SIS-MH Masters"]
[Site "Middelfart"]
[Date "2003.04.05"]
[Round "2"]
[White "Anand, Viswanathan"]
[Black "Hansen, Curt"]
[Result "1-0"]
[WhiteElo "2753"]
[BlackElo "2610"]
[Annotator "Psakhis,L"]
[PlyCount "53"]
[EventDate "2003.04.05"]
[Source "ChessBase"]
[SourceDate "2003.07.25"]

1. e4 e6 2. d4 d5 3. Nc3 Bb4 4. e5 c5 5. a3 Bxc3+ 6. bxc3 6... Qc7 {
The idea of this move is quite simple: Black want to meet move 7.Qg3 with f5}
7. Qg4 f5 8. Qg3 8... Ne7 {Interesting, but very risky move.} ({
As usual black continue} 8... cxd4 9. cxd4 9... Ne7 $13) 9. Qxg7 Rg8 10. Qxh7
10... cxd4 11. Ne2 {Quite rare move} ({Much more popular is move} 11. Kd1 {
with possible continuation} 11... Bd7 12. Qh5+ (12. Nf3 Qxc3 13. Rb1 Ba4 14.
Ne1 Qc7 15. h4 Nbc6 16. Bg5 O-O-O 17. Bf6 Rd7 18. f4 Rg3 19. Rh3 Rxh3 20. gxh3
d3 21. Bxd3 d4 22. Ke2 22... Nd5 $132 {
1-0 Ernst,T-Akesson,J/Sverige (ch) 74/312 1998 (39)}) 12... Kd8 13. Ne2 dxc3
14. Qf3 Nbc6 15. Qxc3 Nxe5 16. Qxc7+ Kxc7 17. Nd4 Ng4 18. Ke1 e5 19. Nb5+ Bxb5
20. Bxb5 f4 21. g3 fxg3 22. hxg3 22... Rh8 $13 {
0-1 Ernst,T-Brynell,S/SVE-ch Haninge 1997 (27)}) 11... Nbc6 12. Qh5+ 12... Ng6
$146 ({Worth considering} 12... Kd8 $5 {for example} 13. f4 (13. Bg5 $5 $142
13... dxc3 14. f4) 13... dxc3 14. Be3 Qa5 15. Qh4 b6 16. Qf2 Ba6 17. h4 Kd7 18.
Rh3 { -  Baklan,V-Borovikov,V/UKR t-ch Alushta 2002 (18)}) 13. Bg5 $1 {
Anand taking advantage of the fact that Black's king temporarily ( at least! )
stuck in the   centre.} (13. f4 dxc3 14. Nxc3 14... Nd4 $5 15. Kd2 15... Bd7
$132) 13... Qxe5 (13... dxc3 14. f4 $1) 14. f4 Qg7 (14... Qc7 $5) 15. h4 $5 {
Important move, Anand wants to use this pawn for active operation on the king
side} (15. cxd4 Nxd4 16. Nxd4 Qxd4 17. Rb1 $14) 15... dxc3 16. Rd1 16... d4 (
16... Rh8 $5 $142 17. Qf3 d4 18. h5 $140 18... Nge5 19. fxe5 Qxg5 20. Nxd4
20... Nxe5 $132) 17. Qf3 (17. Qh6 Qxh6 18. Bxh6 $14) 17... e5 ({
Possibly, Black should have preferred} 17... a6 $5 18. g3 (18. h5 Nge5)) 18.
Qd5 $1 18... Nge7 (18... Qf7 $5 19. Qxf7+ (19. Qd6 Qe6 20. fxe5 Ngxe5 21. Qxe6+
Bxe6 22. Nxd4 Nxd4 23. Rxd4 $14) 19... Kxf7 20. fxe5 Ngxe5 21. Nxd4 Nxd4 22.
Rxd4 $36) 19. Qd6 $1 {In return for the pawn, White get great attacking
chances against black's exposed king.} 19... Bd7 ({
Probably, the lesser evil for Black was} 19... Qf7 $5 20. fxe5 Rg6 21. Bf6 (21.
Qc7 $5) 21... Nxe5 22. Qxe5 Qxf6 23. Qxf6 Rxf6 24. Rxd4 $16) 20. Nxc3 $1 (20.
fxe5 $5) 20... Nc8 (20... Rd8 21. Nb5 Bc8 22. Nc7+ Kf8 23. Qh6 $16) 21. Qc7
21... dxc3 22. Be2 $1 {The smoke has cleared, and White has decisive attack.}
22... Rh8 $8 23. fxe5 23... Qf7 $8 (23... Nxe5 24. Qd8+ Kf7 25. Rxd7+ Nxd7 26.
Qxd7+ Kf8 (26... Kg8 27. Bc4+ Kh7 28. Qxf5+ Qg6 29. Qd7+ $18) 27. Qxf5+ Qf7 28.
Qc5+ $18) 24. Bc4 $1 $18 {Removing the only defender standing between White's
army and Black's king. Rest is simple} 24... Qxc4 25. Qxd7+ Kf8 26. Qxf5+ Ke8 (
26... Qf7 $142 27. Qd3 27... Nxe5 28. Qxc3 Qe6 29. O-O+ Kg7 30. Rde1 $18) 27.
Qd7+ (27. Qg6+ $1) (27. Qd7+ Kf8 28. Rf1+) 1-0